[Event "European Cities & Towns Chess Championship - Open/Seniors"]
[Site "Central Europe"]
[Date "2023.01.29"]
[Round "3.5.2"]
[White "Panagiotakos, Nikolaos"]
[Black "Sorm, Daniel"]
[Result "0-1"]
[WhiteElo "2122"]
[BlackElo "2302"]
[BlackCountry "CZ"]
[BlackFideId "5400139"]
[BlackTeam "Prague - Seniors"]
[BlackTitle "FM"]
[WhiteCountry "GR"]
[WhiteFideId "4213246"]
[WhiteTeam "Heraklion"]

1. e4 c5 2. Nf3 d6 3. d4 cxd4 4. Nxd4 Nf6 5. Nc3 Nc6 6. Be2 e5 7. Nf3 Be7 
8. Bg5 O-O 9. Bxf6 Bxf6 10. Nd5 Bg5 11. O-O Bh6 12. c3 Kh8 13. Nd2 f5 14. 
exf5 Bxf5 15. Nc4 Be6 16. Bf3 Qd7 17. Qe2 Rad8 18. Rad1 Qf7 19. Rfe1 Ne7 
20. Nce3 Ng6 21. Bh5 Bxe3 22. Nxe3 Bxa2 23. c4 Bb3 24. Ra1 b5 25. cxb5 d5 
26. Bxg6 Qxg6 27. Ra3 d4 28. Rxb3 dxe3 29. Rxe3 Rde8 30. Rxe5 Rxe5 31. 
Qxe5 Qb6 32. Qe7 Qxf2+ 0-1

[Event "European Cities & Towns Chess Championship - Open/Seniors"]
[Site "Central Europe"]
[Date "2023.01.29"]
[Round "3.5.3"]
[White "Trickov, Vasil"]
[Black "Klokas, Konstantinos"]
[Result "1/2-1/2"]
[WhiteElo "2329"]
[BlackElo "2069"]
[BlackCountry "GR"]
[BlackFideId "4206932"]
[BlackTeam "Heraklion"]
[WhiteCountry "CZ"]
[WhiteFideId "311103"]
[WhiteTeam "Prague - Seniors"]
[WhiteTitle "IM"]

1. d4 f5 2. Nf3 Nf6 3. g3 g6 4. Bg2 Bg7 5. O-O O-O 6. c4 d6 7. Qb3 c6 8. 
d5 e5 9. dxe6 Qe7 10. Bf4 Na6 11. Rd1 Ne4 12. Nc3 Nac5 13. Qa3 Rd8 14. 
Nxe4 Nxe4 15. Nd4 Bxe6 16. Nxe6 Qxe6 17. Rac1 d5 18. f3 Nf6 19. Bg5 Bf8 
20. Qb3 dxc4 21. Qc2 Rxd1+ 22. Rxd1 Re8 23. e4 fxe4 24. Bxf6 Qxf6 25. 
Qxc4+ Qf7 26. Qxf7+ Kxf7 27. fxe4 Ke6 28. Kf2 Bc5+ 29. Ke2 Ke5 30. Rd7 Re7
31. Rd8 Rf7 32. Bf3 a5 33. b3 b5 34. Rc8 Kd6 35. e5+ Kxe5 36. Rxc6 Kd4 37.
 Re6 Re7 38. Rxe7 Bxe7 39. Bc6 b4 40. h4 Kc3 41. Kf3 Kb2 42. Kg4 Kxa2 43. 
Ba4 Kb2 44. h5 Bd6 45. hxg6 hxg6 46. Kg5 Bxg3 47. Kxg6 Be5 48. Kf5 Bc3 
1/2-1/2

[Event "European Cities & Towns Chess Championship - Open/Seniors"]
[Site "Central Europe"]
[Date "2023.01.29"]
[Round "3.5.4"]
[White "Fragiadakis, Emanouel"]
[Black "Pribyl, Josef"]
[Result "1-0"]
[WhiteElo "1714"]
[BlackElo "2217"]
[BlackCountry "CZ"]
[BlackFideId "300187"]
[BlackTeam "Prague - Seniors"]
[BlackTitle "IM"]
[Termination "time forfeit"]
[WhiteCountry "GR"]
[WhiteFideId "4204026"]
[WhiteTeam "Heraklion"]

1. d4 Nf6 2. Bf4 c5 3. e3 Qb6 4. Nc3 d6 5. dxc5 Qxc5 6. Nf3 a6 7. Bd3 g6 
8. O-O Bg7 9. e4 Nbd7 10. Re1 e5 11. Be3 Qc7 12. Nd5 Nxd5 13. exd5 O-O 14.
 c4 b6 15. Rc1 Qb7 16. Ng5 h6 17. Ne4 f5 18. Nxd6 Qc7 19. Nxc8 Rfxc8 20. 
c5 bxc5 21. d6 Qb6 22. Bc4+ Kh7 23. Be6 Ra7 24. Qa4 Rc6 25. b4 f4 26. bxc5
Qb5 27. Qxb5 axb5 28. Bxd7 Rxd7 29. Bd2 Ra7 30. Bb4 Bf6 31. a3 Kg7 32. 
Red1 Kf7 33. Rd5 Ke6 34. Rcd1 Rd7 35. f3 g5 36. Kf2 h5 37. Ke2 g4 38. R5d3
Kf5 39. fxg4+ hxg4 40. h3 g3 41. Rd5 Ke6 42. Kf3 Kf5 43. Bc3 Rb6 44. cxb6 
1-0

[Event "European Cities & Towns Chess Championship - Open/Seniors"]
[Site "Central Europe"]
[Date "2023.01.29"]
[Round "3.6.1"]
[White "Mavroudis, Dimitris"]
[Black "Stoleriu, George"]
[Result "0-1"]
[WhiteElo "1973"]
[BlackElo "2389"]
[BlackCountry "RO"]
[BlackFideId "1227505"]
[BlackTeam "Iasi"]
[BlackTitle "FM"]
[WhiteCountry "GR"]
[WhiteFideId "4222318"]
[WhiteTeam "Trikala "]

1. d4 e6 2. c4 Nf6 3. Nc3 Bb4 4. Qc2 O-O 5. a3 Bxc3+ 6. Qxc3 b5 7. cxb5 c6
8. bxc6 Nxc6 9. e3 Bb7 10. Nf3 Rc8 11. Qd3 Na5 12. Nd2 d5 13. Be2 Qb6 14. 
O-O Rc6 15. b4 Nc4 16. Nxc4 dxc4 17. Qc2 Rc7 18. f3 Nd5 19. Kh1 e5 20. 
dxe5 Nxe3 21. Bxe3 Qxe3 22. Rae1 Qxe5 23. Bd1 Qd4 24. Qf5 g6 25. Qa5 Qb6 
26. Qe5 c3 27. Bc2 Ba6 28. Rg1 Rfc8 29. Bb3 c2 30. Rc1 Rc3 31. Qd5 Bc4 32.
 Bxc4 R3xc4 33. Rge1 Qc6 34. Qd2 Rc3 35. a4 Qxa4 36. b5 Qxb5 37. h3 Qd3 
38. Qf2 R3c7 39. Kh2 Qd6+ 40. f4 Qc5 41. Qe2 a5 42. Qf3 a4 43. Re3 Qc6 44.
 Qf2 Qd6 45. Re2 Rc4 46. Rcxc2 Rxc2 47. Rxc2 Rxc2 48. Qxc2 Qxf4+ 49. g3 
Qd4 50. h4 a3 51. Kh3 Qb2 52. Qc8+ Kg7 53. h5 gxh5 54. Qf5 Qf6 55. Qa5 
Qe6+ 56. Kh2 a2 57. Qg5+ Qg6 58. Qe5+ Qf6 59. Qxh5 a1=Q 60. Qg4+ Qg6 61. 
Qc4 Qh5+ 62. Kg2 Qb2+ 63. Kg1 Qhh2+ 0-1

[Event "European Cities & Towns Chess Championship - Open/Seniors"]
[Site "Central Europe"]
[Date "2023.01.29"]
[Round "3.6.2"]
[White "Gheorghiu, Calin"]
[Black "Gountras, Klearhos"]
[Result "1-0"]
[WhiteElo "2317"]
[BlackElo "1968"]
[BlackCountry "GR"]
[BlackFideId "4206495"]
[BlackTeam "Trikala "]
[WhiteCountry "RO"]
[WhiteFideId "1200305"]
[WhiteTeam "Iasi"]
[WhiteTitle "FM"]

1. d4 d5 2. Nf3 Nc6 3. c4 Bg4 4. e3 e6 5. Nc3 Nf6 6. h3 Bxf3 7. Qxf3 a6 8.
 Be2 Bb4 9. O-O O-O 10. a3 Bxc3 11. bxc3 e5 12. cxd5 e4 13. Qg3 Nxd5 14. 
Bd2 b5 15. c4 bxc4 16. Bxc4 Nce7 17. Rab1 Qd7 18. Qe5 Nf6 19. Rb7 Rfc8 20.
 Rfb1 Nf5 21. Bb4 Qc6 22. Bc5 Nd6 23. Bxd6 Qxc4 24. Bxc7 Re8 25. Qc5 Qxc5 
26. dxc5 Re6 27. Bd6 g6 28. Rb8+ Rxb8 29. Rxb8+ Ne8 30. c6 Rxd6 31. Rxe8+ 
Kg7 32. c7 1-0

[Event "European Cities & Towns Chess Championship - Open/Seniors"]
[Site "Central Europe"]
[Date "2023.01.29"]
[Round "3.6.3"]
[White "Lioumis, Petros"]
[Black "Calin, Alexandru"]
[Result "0-1"]
[WhiteElo "1290"]
[BlackElo "2169"]
[BlackCountry "RO"]
[BlackFideId "1222961"]
[BlackTeam "Iasi"]
[BlackTitle "FM"]
[WhiteCountry "GR"]
[WhiteFideId "25806238"]
[WhiteTeam "Trikala "]

1. e4 d6 2. d4 Nf6 3. Nc3 Nbd7 4. Bc4 e5 5. Nf3 Be7 6. O-O O-O 7. Bg5 c6 
8. Bb3 h6 9. Bh4 Nh5 10. Bg3 Nxg3 11. hxg3 b5 12. d5 Bb7 13. dxc6 Bxc6 14.
 Nd5 Nc5 15. Qe2 Nxb3 16. axb3 Bxd5 17. exd5 Qb6 18. Rfc1 f5 19. c4 e4 20.
 c5 dxc5 21. Ne5 Qd6 22. Nc6 a6 23. f3 Bg5 24. Rd1 Qxg3 25. d6 Bf4 26. d7 
Qh2+ 27. Kf1 Qh1+ 28. Kf2 e3+ 29. Qxe3 Bxe3+ 30. Kxe3 Qh4 31. Rd5 f4+ 32. 
Ke4 Qf6 33. Ne5 Qf5# 0-1

[Event "European Cities & Towns Chess Championship - Open/Seniors"]
[Site "Central Europe"]
[Date "2023.01.29"]
[Round "3.6.4"]
[White "Zubcu, Vlad-George"]
[Black "Karanasios, Dimosthenis"]
[Result "0-1"]
[WhiteElo "2156"]
[BlackElo "1240"]
[BlackCountry "GR"]
[BlackFideId "42108306"]
[BlackTeam "Trikala "]
[WhiteCountry "RO"]
[WhiteFideId "1219715"]
[WhiteTeam "Iasi"]

1. e4 c6 2. Nc3 d5 3. Nf3 Bg4 4. h3 Bxf3 5. Qxf3 e6 6. d3 d4 7. Nb1 Qb6 8.
 Be2 Nf6 9. O-O Bd6 10. Nd2 Nbd7 11. Nc4 Qc7 12. Nxd6+ Qxd6 13. Bf4 e5 14.
 Bd2 c5 15. Qg3 O-O 16. f4 exf4 17. Bxf4 Qe6 18. e5 Nd5 19. Bg4 Qe7 20. 
Bxd7 Nxf4 21. Rxf4 Qxd7 22. Rg4 f5 23. exf6 Rxf6 24. Re1 Raf8 25. Kh2 Rf2 
26. Rge4 R2f7 27. h4 Qa4 28. R1e2 Qxa2 29. b3 Qa6 30. Re6 Qa5 31. h5 Qc7 
32. R2e5 Kh8 33. h6 gxh6 34. Rxh6 Rg7 35. Rg5 Qxg3+ 36. Rxg3 Rf2 37. Rd6 
Rxg3 38. Kxg3 Rxc2 39. Rd8+ Kg7 40. Rd7+ Kg6 41. Rxb7 Rc3 42. Kf4 Rxd3 43.
 g4 Rc3 44. Rxa7 Rxb3 45. Ra6+ Kg7 46. Ra7+ Kg6 47. Ra6+ Kf7 48. Ra7+ Ke6 
49. Rxh7 c4 50. Ke4 d3 51. Rh6+ Ke7 52. Rh2 Rc3 53. Ke3 Kf6 54. Rh5 Kg6 
55. Rc5 Rc2 56. Rd5 Re2+ 57. Kf3 Re1 58. Kf2 Re2+ 59. Kf3 Re6 60. Rd4 Rc6 
61. Ke3 c3 62. Kxd3 c2 63. Rd6+ Rxd6+ 64. Kxc2 Kg5 65. Kc3 Kxg4 66. Kc4 
Kf4 67. Kc5 Rd1 68. Kc4 Ke4 69. Kc3 Rd3+ 70. Kc2 Ke3 71. Kb2 Kd4 72. Kc2 
Kc4 73. Kb2 Rc3 74. Kb1 Kb3 75. Ka1 Rc1# 0-1

[Event "European Cities & Towns Chess Championship - Open/Seniors"]
[Site "Central Europe"]
[Date "2023.01.29"]
[Round "3.7.1"]
[White "Rama, Lorenc"]
[Black "Pasko, Llambi"]
[Result "1-0"]
[WhiteElo "2125"]
[BlackElo "2413"]
[BlackCountry "AL"]
[BlackFideId "4701178"]
[BlackTeam "TIRANA City"]
[BlackTitle "IM"]
[Termination "time forfeit"]
[WhiteCountry "AL"]
[WhiteFideId "4700171"]
[WhiteTeam "TEUTA - Durres Albania"]
[WhiteTitle "FM"]

1. d4 d5 2. c4 c6 3. Nf3 Nf6 4. Qb3 e6 5. g3 Bd6 6. Bg2 O-O 7. O-O b6 8. 
Nbd2 a5 9. Qc2 Ba6 10. Re1 Nbd7 11. b3 Rc8 12. e4 dxe4 13. Nxe4 Nxe4 14. 
Qxe4 Nf6 15. Qc2 b5 16. Ne5 c5 17. Nc6 Qb6 18. d5 exd5 19. cxd5 Bb7 20. 
Qd2 Rce8 21. Bb2 Nd7 22. Qg5 f6 23. Qh5 g6 24. Qh4 Be5 25. Bxe5 Nxe5 26. 
Nxe5 fxe5 27. Qe4 c4 28. Qe3 Qd6 29. Rad1 Ba6 30. bxc4 bxc4 31. Qc3 Qb4 
32. Rc1 Rf6 33. Rxe5 Rxe5 34. Qxe5 Kg7 35. Qd4 Qd6 36. Bf1 Qa3 37. Re1 Kg8
38. Qxf6 1-0

[Event "European Cities & Towns Chess Championship - Open/Seniors"]
[Site "Central Europe"]
[Date "2023.01.29"]
[Round "3.7.2"]
[White "Xhembulla, Aleksander"]
[Black "Ramaj, Ergit"]
[Result "1-0"]
[WhiteElo "2091"]
[BlackElo "1861"]
[BlackCountry "AL"]
[BlackFideId "4703669"]
[BlackTeam "TEUTA - Durres Albania"]
[WhiteCountry "AL"]
[WhiteFideId "4705114"]
[WhiteTeam "TIRANA City"]

1. e4 e5 2. Nf3 Nc6 3. Bb5 Nf6 4. O-O Nxe4 5. Re1 Nd6 6. a4 Be7 7. Nc3 O-O
8. d4 Nxb5 9. axb5 Nxd4 10. Nxe5 Ne6 11. Nd5 Bc5 12. Nd3 Bd6 13. c4 c6 14.
 Nc3 Qh4 15. g3 Qd8 16. Be3 Bb8 17. Qf3 a6 18. Red1 Ba7 19. Bxa7 Rxa7 20. 
Ne5 Qc7 21. Qe3 b6 22. Rac1 f6 23. Nf3 Bb7 24. Ne4 axb5 25. cxb5 c5 26. 
Nd6 Ba8 27. Nh4 Nd4 28. Rxd4 cxd4 29. Rxc7 Ra1+ 30. Qc1 Rxc1+ 31. Rxc1 d3 
32. Rd1 Bd5 33. Rxd3 1-0

[Event "European Cities & Towns Chess Championship - Open/Seniors"]
[Site "Central Europe"]
[Date "2023.01.29"]
[Round "3.7.3"]
[White "Caushi, Alket"]
[Black "Zeneli, Klendi"]
[Result "0-1"]
[WhiteElo "1768"]
[BlackElo "2052"]
[BlackCountry "AL"]
[BlackFideId "4706609"]
[BlackTeam "TIRANA City"]
[WhiteCountry "AL"]
[WhiteFideId "4701801"]
[WhiteTeam "TEUTA - Durres Albania"]

1. e4 e5 2. Nf3 Nc6 3. d4 exd4 4. Bc4 Nf6 5. e5 d5 6. Bb5 Ne4 7. Nxd4 Bd7 
8. Bxc6 bxc6 9. O-O Bc5 10. f3 Ng5 11. f4 Ne4 12. Be3 O-O 13. Nd2 Nxd2 14.
 Qxd2 Bb6 15. c3 Qe7 16. Rae1 c5 17. Nb3 Rad8 18. Rf3 c4 19. Nd4 c5 20. 
Nc2 Bf5 21. Bf2 d4 22. cxd4 cxd4 23. h3 c3 24. bxc3 dxc3 25. Qc1 Rd2 26. 
Ne3 Be4 27. Rg3 Qc5 28. Rf1 Rfd8 29. Ng4 Rxf2 30. Nxf2 c2 31. f5 Qxf2+ 32.
 Rxf2 Rd1+ 33. Kh2 Rxc1 34. Rc3 h6 35. f6 Bxf2 36. Rc8+ Kh7 0-1

[Event "European Cities & Towns Chess Championship - Open/Seniors"]
[Site "Central Europe"]
[Date "2023.01.29"]
[Round "3.7.4"]
[White "Shuqja, Klean"]
[Black "Kote, Aleks"]
[Result "1/2-1/2"]
[WhiteElo "1884"]
[BlackElo "1503"]
[BlackCountry "AL"]
[BlackFideId "4702778"]
[BlackTeam "TEUTA - Durres Albania"]
[WhiteCountry "AL"]
[WhiteFideId "4701585"]
[WhiteTeam "TIRANA City"]
[WhiteTitle "WFM"]

1. e4 c5 2. Nf3 d6 3. Bb5+ Bd7 4. Bxd7+ Qxd7 5. O-O g6 6. c3 Bg7 7. Qe2 
Nc6 8. Rd1 Nf6 9. d4 cxd4 10. cxd4 O-O 11. Nc3 Rac8 12. h3 a6 13. Bg5 h6 
14. Bxf6 Bxf6 15. Nd5 Qd8 16. Nxf6+ exf6 17. a3 Re8 18. Qd3 Qb6 19. b4 Na7
20. Nh2 Nb5 21. Ng4 Kg7 22. a4 Nc3 23. Rdc1 Qxb4 24. Re1 h5 25. Nh2 Nxa4 
26. Reb1 Qc4 27. Qxc4 Rxc4 28. Rxb7 Rxd4 29. Nf3 Rdxe4 30. Rd1 R4e6 31. 
Ra7 Nc5 32. Kh2 Re2 33. Rxd6 Rxf2 34. Rc6 Nd3 35. Rcc7 Rf8 36. Nd4 Nf4 37.
 Kg3 Rd2 38. Rd7 Ne2+ 39. Nxe2 Rxe2 40. Rxa6 Re3+ 41. Kf2 Rfe8 42. Raa7 
Re2+ 43. Kf1 Re1+ 44. Kf2 R1e2+ 45. Kf3 R2e3+ 46. Kf2 Re2+ 1/2-1/2

[Event "European Cities & Towns Chess Championship - Open/Seniors"]
[Site "Central Europe"]
[Date "2023.01.29"]
[Round "3.8.1"]
[White "Ribbegren, Karl Johan"]
[Black "Babarovic, Fran"]
[Result "1-0"]
[WhiteElo "2158"]
[BlackElo "1275"]
[BlackCountry "SI"]
[BlackFideId "14641429"]
[BlackTeam "Ljubljana - Komenda"]
[WhiteCountry "MC"]
[WhiteFideId "5400040"]
[WhiteTeam "Monte-Carlo"]

1. d4 d5 2. Nf3 c6 3. Nbd2 Nf6 4. e3 Bf5 5. Bd3 Bg6 6. O-O e6 7. Ne5 Bd6 
8. f4 Nbd7 9. Qf3 Bh5 10. Qg3 Bxe5 11. fxe5 Ne4 12. Bxe4 dxe4 13. Qxg7 Ke7
14. Qg5+ Ke8 15. Qxh5 Qe7 16. Nxe4 Kd8 17. Rxf7 Qb4 18. c3 Qb5 19. Qg5+ 
Kc7 20. Rxd7+ Kxd7 21. Qg7+ Kc8 22. Nd6+ 1-0

[Event "European Cities & Towns Chess Championship - Open/Seniors"]
[Site "Central Europe"]
[Date "2023.01.29"]
[Round "3.8.2"]
[White "Zagar, Katarina"]
[Black "Nelis, Jean-Francois"]
[Result "0-1"]
[WhiteElo "1153"]
[BlackElo "2112"]
[BlackCountry "MC"]
[BlackFideId "623830"]
[BlackTeam "Monte-Carlo"]
[WhiteCountry "SI"]
[WhiteFideId "14653826"]
[WhiteTeam "Ljubljana - Komenda"]

1. d4 e6 2. c4 Bb4+ 3. Bd2 a5 4. Bxb4 axb4 5. Qb3 Qe7 6. Nf3 b6 7. e3 Nf6 
8. Nbd2 c5 9. Be2 Bb7 10. O-O d6 11. Rfd1 Nbd7 12. Qc2 O-O 13. Bd3 Rfd8 
14. Ng5 g6 15. f4 Rac8 16. Qb3 h6 17. Nge4 Nxe4 18. Bxe4 Nf6 19. Bxb7 Qxb7
20. Qc2 Kg7 21. h4 h5 22. Nf3 b5 23. cxb5 cxd4 24. Qf2 Ng4 25. Qd2 dxe3 
26. Qd4+ Kg8 27. Ng5 Qxb5 28. Re1 Qc5 29. Qxc5 Rxc5 30. Ne4 Ra5 31. g3 d5 
32. Ng5 Rc8 33. b3 Rc2 34. Rec1 Rac5 35. Rxc2 Rxc2 36. a4 bxa3 37. Rxa3 
Rc1+ 38. Kg2 e2 39. Nf3 e1=Q 40. Nxe1 Rxe1 41. Ra2 Rb1 42. Ra8+ Kg7 43. 
Ra3 Kf6 44. Kf3 Kf5 45. Ke2 Ke4 46. Kd2 Kf3 47. Kc2 Re1 48. b4+ Ne3+ 49. 
Kb3 d4 50. b5 d3 51. b6 Rb1+ 52. Kc3 Rxb6 53. Kxd3 Rd6+ 54. Kc3 Kf2 55. 
Kb4 Nf5 56. g4 hxg4 57. Ra2+ Kf3 58. Ra3+ Ne3 59. f5 exf5 60. Kc5 Rd1 61. 
Kb5 g3 62. Kc5 g2 63. h5 gxh5 64. Rb3 g1=Q 65. Kc6 Qg6+ 66. Kc7 Qd6+ 67. 
Kb7 Qd5+ 68. Kc8 Qxb3 69. Kc7 Qd3 70. Kc6 Rc1+ 71. Kb7 Qb3+ 72. Ka8 Ra1# 
0-1

[Event "European Cities & Towns Chess Championship - Open/Seniors"]
[Site "Central Europe"]
[Date "2023.01.29"]
[Round "3.8.3"]
[White "Van Hoolandt, Patrick"]
[Black "Krstic, David"]
[Result "1-0"]
[WhiteElo "2017"]
[BlackElo "1000"]
[BlackCountry "SI"]
[BlackFideId "14654946"]
[BlackTeam "Ljubljana - Komenda"]
[WhiteCountry "MC"]
[WhiteFideId "200999"]
[WhiteTeam "Monte-Carlo"]
[WhiteTitle "FM"]

1. d4 d5 2. c4 e6 3. Nf3 c5 4. cxd5 exd5 5. g3 Nc6 6. Bg2 Nf6 7. O-O Be7 
8. Nc3 O-O 9. dxc5 Bxc5 10. a3 Bf5 11. b4 Bb6 12. Bb2 d4 13. Na4 Qd7 14. 
Nxb6 axb6 15. Nxd4 Nxd4 16. Qxd4 Rfd8 17. Qxd7 Rxd7 18. Rfd1 Rad8 19. Rxd7
Rxd7 20. e3 Be4 21. Bd4 Bxg2 22. Kxg2 b5 23. Rc1 Rd8 24. Bxf6 gxf6 25. Rc5
Ra8 26. Rxb5 Rxa3 27. Rxb7 Kf8 28. h4 Ke8 29. Kf3 Rd3 30. Ke4 Rd6 31. Kf5 
Rd2 32. f4 Rd6 33. e4 h5 34. b5 Kf8 35. Rc7 Kg7 36. Rc6 Rd3 37. g4 hxg4 
38. Kxg4 Rb3 39. Rc5 Rb1 40. Kf5 Rb4 41. h5 Kh6 42. Kxf6 Rxe4 43. f5 Kxh5 
44. Kxf7 Kg5 45. f6+ Kf4 46. Kf8 Re3 47. f7 Ke4 48. Rc6 Kd5 49. Kg7 Re7 
50. Kf6 Re1 51. f8=Q Rf1+ 52. Ke7 Rxf8 53. Kxf8 Kd4 54. b6 Kd3 55. b7 Kd4 
56. b8=Q Kd3 57. Qb4 Ke2 58. Rc3 Kf2 59. Qb2+ Kg1 60. Rc1# 1-0

[Event "European Cities & Towns Chess Championship - Open/Seniors"]
[Site "Central Europe"]
[Date "2023.01.29"]
[Round "3.9.1"]
[White "Guerrero Vargas, Andres Jesus"]
[Black "Kabo, Melsed"]
[Result "1-0"]
[WhiteElo "2336"]
[BlackElo "2195"]
[BlackCountry "AL"]
[BlackFideId "4702271"]
[BlackTeam "Butrinti"]
[WhiteCountry "VE"]
[WhiteFideId "3902048"]
[WhiteTeam "Collado Villalba - Madrid"]
[WhiteTitle "FM"]

1. d4 Nf6 2. Bf4 b6 3. f3 d5 4. e4 dxe4 5. fxe4 Nxe4 6. Qf3 Bb7 7. Nc3 Nd6
8. Bb5+ c6 9. Bd3 e6 10. O-O-O Nd7 11. Qh3 Nf6 12. Nf3 Be7 13. Rhe1 Qc7 
14. Ng5 Qd7 15. Kb1 O-O-O 16. Nxf7 Nxf7 17. Rxe6 g6 18. Rxe7 Qxh3 19. Rc7+
Kb8 20. Rxf7+ Ka8 21. gxh3 Nh5 22. Be5 Rhf8 23. Rdf1 Rxf7 24. Rxf7 1-0

[Event "European Cities & Towns Chess Championship - Open/Seniors"]
[Site "Central Europe"]
[Date "2023.01.29"]
[Round "3.9.2"]
[White "Kosta, Kelvin"]
[Black "Sanchez Gonzalez, Sergio"]
[Result "0-1"]
[WhiteElo "1950"]
[BlackElo "2288"]
[BlackCountry "ES"]
[BlackFideId "2273020"]
[BlackTeam "Collado Villalba - Madrid"]
[BlackTitle "FM"]
[WhiteCountry "AL"]
[WhiteFideId "4703855"]
[WhiteTeam "Butrinti"]

1. e4 c5 2. Nf3 e6 3. d4 cxd4 4. Nxd4 a6 5. Nc3 Qc7 6. f4 b5 7. a3 Bb7 8. 
Bd3 d6 9. Be3 Nf6 10. Qe2 Nbd7 11. O-O Be7 12. Kh1 O-O 13. Rad1 Rfe8 14. 
Rf3 Bf8 15. Rh3 g6 16. Bc1 e5 17. Nf3 Nc5 18. fxe5 dxe5 19. Bg5 Bg7 20. 
Rf1 Ne6 21. Be3 Nf4 22. Bxf4 exf4 23. Qd2 Rad8 24. e5 Nh5 25. Rxh5 gxh5 
26. Qxf4 Bxf3 27. Rxf3 Rxe5 28. Rf1 Qe7 29. Ne4 Kh8 30. h4 Rd4 31. g3 
Rexe4 32. Bxe4 Qxe4+ 33. Qxe4 Rxe4 34. Rxf7 Re1+ 35. Kg2 Re2+ 36. Kf3 Rxc2
37. Ra7 Bxb2 38. Ra8+ Kg7 39. Ra7+ Kf8 40. Ra8+ Ke7 41. Ra7+ Kd8 42. Rxa6 
Rc3+ 43. Kf4 Bxa3 44. Ra8+ Kc7 45. Ra7+ Kb6 46. Rxh7 b4 47. Rxh5 b3 48. 
Rh8 Bd6+ 49. Ke4 b2 0-1

[Event "European Cities & Towns Chess Championship - Open/Seniors"]
[Site "Central Europe"]
[Date "2023.01.29"]
[Round "3.9.3"]
[White "Perdomo Araujo, Angel Eduardo"]
[Black "Mihasi, Erald"]
[Result "1-0"]
[WhiteElo "2071"]
[BlackElo "1909"]
[BlackCountry "AL"]
[BlackFideId "4700902"]
[BlackTeam "Butrinti"]
[WhiteCountry "VE"]
[WhiteFideId "3902528"]
[WhiteTeam "Collado Villalba - Madrid"]

1. e4 c6 2. d4 d5 3. Nc3 dxe4 4. Nxe4 Nf6 5. Nxf6+ exf6 6. Nf3 Bd6 7. Be2 
O-O 8. O-O Bg4 9. Be3 Qc7 10. h3 Bh5 11. Nd2 Bxe2 12. Qxe2 Re8 13. Qf3 Nd7
14. Ne4 Nf8 15. Nxd6 Qxd6 16. c3 Ng6 17. Rae1 Re6 18. Bd2 Rae8 19. Rxe6 
Rxe6 20. Re1 Rxe1+ 21. Bxe1 Qe6 22. Qe3 Qd7 23. a3 h6 24. f4 Ne7 25. Qe4 
Nd5 26. Bd2 f5 27. Qe5 a6 28. c4 Nf6 29. Bb4 Ne4 30. d5 cxd5 31. cxd5 h5 
32. Be7 f6 33. Qb8+ Kh7 34. d6 Qc6 35. Qc7 Qd5 36. d7 Qd1+ 37. Kh2 Nf2 38.
 d8=Q Qh1+ 39. Kg3 Ne4+ 40. Kf3 Qf1+ 41. Ke3 Qf2+ 42. Kd3 Qd2+ 43. Kc4 b5+
44. Kb3 Qxg2 45. Qcc8 Qf3+ 46. Ka2 Qxf4 47. Qh8+ Kg6 48. Qce8+ Kg5 49. 
Qhxh5# 1-0

[Event "European Cities & Towns Chess Championship - Open/Seniors"]
[Site "Central Europe"]
[Date "2023.01.29"]
[Round "3.9.4"]
[White "Omeri, Eklea"]
[Black "Alvarez Guerrero, Dylan"]
[Result "0-1"]
[WhiteElo "1629"]
[BlackElo "1162"]
[BlackCountry "ES"]
[BlackFideId "94728089"]
[BlackTeam "Collado Villalba - Madrid"]
[Termination "time forfeit"]
[WhiteCountry "AL"]
[WhiteFideId "4703804"]
[WhiteTeam "Butrinti"]

1. d4 d6 2. c4 g6 3. Nc3 Bg7 4. Nf3 Nf6 5. Bg5 Nbd7 6. e3 b6 7. Be2 Bb7 8.
 O-O O-O 9. Qc2 e5 10. d5 Nc5 11. b4 Ncd7 12. e4 h6 13. Be3 c6 14. h3 Qc7 
15. Rfc1 Rac8 16. Qd2 g5 17. a4 c5 18. Nb5 Qb8 19. Bd3 Nxe4 20. Bxe4 f5 
21. Bxf5 Rxf5 22. Rab1 a6 23. Na3 Qc7 24. Nc2 Rcf8 25. Nce1 R5f7 26. bxc5 
Nxc5 27. Bxc5 bxc5 28. Qc2 Bc8 29. Qe2 Bf5 30. Rb3 Bg6 31. h4 Bh5 32. hxg5
hxg5 33. Re3 g4 34. Nd2 Bh6 35. Rcc3 Bxe3 36. Qxe3 Rf4 37. g3 Rxf2 38. 
Qg5+ Kf7 39. Qxh5+ Ke7 40. Qg5+ Kd7 41. Qg7+ Kc8 42. Qxc7+ Kxc7 43. Rc2 
Re2 44. Nd3 Rf3 45. Rb2 Rxd3 46. Kf1 Rexd2 47. Rxd2 Rxd2 0-1

[Event "European Cities & Towns Chess Championship - Open/Seniors"]
[Site "Central Europe"]
[Date "2023.01.29"]
[Round "3.10.1"]
[White "Kumar, Sanjit S"]
[Black "Melikhov, Evgeny V."]
[Result "1/2-1/2"]
[WhiteElo "1968"]
[BlackElo "2269"]
[BlackCountry "RU"]
[BlackFideId "4122046"]
[BlackTeam "Ioannina"]
[BlackTitle "FM"]
[WhiteCountry "GB"]
[WhiteFideId "468142"]
[WhiteTeam "London Juniors"]

1. d4 Nf6 2. c4 e6 3. Nc3 Bb4 4. Qc2 c5 5. dxc5 Na6 6. g3 Nxc5 7. Bg2 O-O 
8. a3 Bxc3+ 9. Qxc3 Nce4 10. Qc2 d5 11. b3 Bd7 12. Bb2 Qa5+ 13. b4 Qa4 14.
 Qxa4 Bxa4 15. cxd5 exd5 16. Nf3 Rfc8 17. Nd4 Rc4 18. O-O a5 19. bxa5 Rxa5
20. Rac1 Rac5 21. e3 Nc3 22. h4 Rc7 23. Bxc3 Rxc3 24. Rxc3 Rxc3 25. Rb1 
Rxa3 26. Rxb7 g6 27. Ra7 Ra1+ 28. Bf1 Ra2 29. Bb5 Bb3 30. Rxa2 Bxa2 31. 
Bd3 Ne8 32. Kg2 f5 33. Kf3 Kg7 34. Kf4 Kf6 35. g4 fxg4 36. Kxg4 Nd6 37. f3
Bc4 38. Bc2 Ba6 39. h5 Bc8+ 40. Kf4 g5+ 41. Kg3 Nf5+ 42. Nxf5 Bxf5 43. Bb3
Be6 44. Bc2 h6 45. f4 Bf5 46. fxg5+ Kxg5 47. Bd1 Be6 48. Bf3 Bf7 49. Kh3 
Bxh5 50. Bxd5 Bd1 1/2-1/2

[Event "European Cities & Towns Chess Championship - Open/Seniors"]
[Site "Central Europe"]
[Date "2023.01.29"]
[Round "3.10.2"]
[White "Tepelenis, Nikolaos"]
[Black "Patel, Zain"]
[Result "0-1"]
[WhiteElo "2096"]
[BlackElo "1806"]
[BlackCountry "GB"]
[BlackFideId "469246"]
[BlackTeam "London Juniors"]
[Termination "time forfeit"]
[WhiteCountry "GR"]
[WhiteFideId "4207599"]
[WhiteTeam "Ioannina"]

1. d4 d5 2. Bf4 Nf6 3. e3 e6 4. Nd2 c5 5. c3 Bd6 6. Bg3 Qc7 7. Ngf3 Nbd7 
8. Bd3 O-O 9. O-O e5 10. e4 dxe4 11. Nxe4 Nxe4 12. Bxe4 exd4 13. cxd4 Bxg3
14. hxg3 Nf6 15. Bd3 Rd8 16. Qc2 b6 17. dxc5 Qxc5 18. Qxc5 bxc5 19. Rfd1 
Bg4 20. Rac1 Rac8 21. Ba6 Rxd1+ 22. Rxd1 Rb8 23. b3 g6 24. Rc1 Ne4 25. Ne5
Be6 26. Bd3 Nf6 27. Rxc5 Rd8 28. f3 Nd5 29. Kf2 Nb4 30. Bc4 Bxc4 31. Rxc4 
Nxa2 0-1

[Event "European Cities & Towns Chess Championship - Open/Seniors"]
[Site "Central Europe"]
[Date "2023.01.29"]
[Round "3.10.3"]
[White "Yedid, Lior"]
[Black "Basios, Athanasios"]
[Result "1-0"]
[WhiteElo "1521"]
[BlackElo "1860"]
[BlackCountry "GR"]
[BlackFideId "4215494"]
[BlackTeam "Ioannina"]
[WhiteCountry "GB"]
[WhiteFideId "487457"]
[WhiteTeam "London Juniors"]

1. e4 e5 2. f4 exf4 3. Nf3 Ne7 4. d4 d5 5. Nc3 dxe4 6. Nxe4 Ng6 7. Bd3 Be7
8. O-O O-O 9. Ne1 Qxd4+ 10. Kh1 Nc6 11. Bxf4 Nxf4 12. Rxf4 f5 13. Nf3 Qd8 
14. Ng3 g6 15. Bc4+ Kg7 16. Bd5 Bf6 17. Bxc6 bxc6 18. c3 Be6 19. Nd4 Bd5 
20. Qa4 Be5 21. Rf3 Bxf3 22. Ne6+ Kh8 23. Nxd8 Bxg2+ 24. Kxg2 Raxd8 25. 
Rd1 Rd5 26. Rxd5 cxd5 27. Qc6 Rd8 28. Ne2 g5 29. Nd4 f4 30. Ne6 Rg8 31. 
Qxd5 Bf6 32. Qf5 Rg6 33. Nf8 Rh6 34. Nd7 Bg7 35. Qf7 1-0